ដើមកំំណើតសត្វឆ្មា : (Record no. 9049)
[ view plain ]
| 000 -LEADER | |
|---|---|
| fixed length control field | 02408nam a22002897a 4500 |
| 001 - CONTROL NUMBER | |
| control field | 9049 |
| 003 - CONTROL NUMBER IDENTIFIER | |
| control field | FISKH |
| 005 - DATE AND TIME OF LATEST TRANSACTION | |
| control field | 20251117163157.0 |
| 008 - FIXED-LENGTH DATA ELEMENTS--GENERAL INFORMATION | |
| fixed length control field | 251117b cb ||||| |||| 00| 0 eng d |
| 020 ## - INTERNATIONAL STANDARD BOOK NUMBER | |
| International Standard Book Number | 9789995092115 |
| 040 ## - CATALOGING SOURCE | |
| Original cataloging agency | FISKH |
| Language of cataloging | khr |
| Transcribing agency | FISKH |
| Modifying agency | FISKH |
| 082 ## - DEWEY DECIMAL CLASSIFICATION NUMBER | |
| Classification number | 636.8 |
| 100 ## - MAIN ENTRY--PERSONAL NAME | |
| Personal name | Mony, Kun |
| 245 ## - TITLE STATEMENT | |
| Title | ដើមកំំណើតសត្វឆ្មា : |
| Remainder of title | Origin of the cat / |
| Statement of responsibility, etc. | អ្នករៀបរៀង គុណ មុនី , រចនាទំព័រដោយ ព្រំ ចិន្តា |
| 260 ## - PUBLICATION, DISTRIBUTION, ETC. | |
| Place of publication, distribution, etc. | Phnom Penh : |
| Name of publisher, distributor, etc. | Books World , |
| Date of publication, distribution, etc. | 2009. |
| 300 ## - PHYSICAL DESCRIPTION | |
| Extent | 16 pages : |
| Other physical details | color illustrations ; |
| Dimensions | 25 cm . |
| 505 ## - FORMATTED CONTENTS NOTE | |
| Formatted contents note | K <br/> |
| 520 ## - SUMMARY, ETC. | |
| Summary, etc. | មានទេពធីតាមកចាប់កំណើតក្នុងផ្កាឧត្បលនៅក្នុងស្រះមួយ មហាប្ញសីក៏យកមកចិញ្ចឹម ដល់វ័យ១៥ឆ្នាំ លោកតាក៏ជប់សត្វឆ្មាមួយក្បាលដើម្បីអោយលេងជាមួយនាង ។ ក្រោយមកនាងក៏បានជួបនឹងគូរព្រេងដែលជាស្តេច ទ្រង់បានហែរនាងនិងឆ្មាចូលរាជវាំង ។ មហាប្ញសីក៏បានផ្តាំថាមុននឹងឡើងលើប្រាសាទត្រូវអោបឆ្មាដើរច្រទក្សិណ៣ជុំសុឹមឡើងទៅប្រាសាទទើបមានសិរីសួស្តី ។ |
| 520 ## - SUMMARY, ETC. | |
| Summary, etc. | A nymph was born inside a lotus flower in a pond. An old hermit took her in and raised her. When she turned fifteen, the hermit created a cat out of magic to play with. Later, she met her destined partner, who was a king, and he brought her and the cat into the royal palace. The hermit advised her that before entering the palace, she must hold the cat and walk clockwise around it three times before going up to the palace, in order to receive blessings and good fortune. |
| 521 8# - TARGET AUDIENCE NOTE | |
| Target audience note | 510 <br/> |
| Source | Lexile estimate <br/> |
| 521 8# - TARGET AUDIENCE NOTE | |
| Target audience note | K <br/> |
| Source | Raz-Plus <br/> |
| 650 ## - SUBJECT ADDED ENTRY--TOPICAL TERM | |
| Topical term or geographic name entry element | ដើមកំំណើតសត្វឆ្មា |
| Form subdivision | រឿងនិទានកុមារ |
| 650 ## - SUBJECT ADDED ENTRY--TOPICAL TERM | |
| Topical term or geographic name entry element | Origin of the cat |
| Form subdivision | Children's Stories |
| 700 ## - ADDED ENTRY--PERSONAL NAME | |
| Personal name | San, Thai |
| Relator term | Illustrator |
| 942 ## - ADDED ENTRY ELEMENTS (KOHA) | |
| Source of classification or shelving scheme | Dewey Decimal Classification |
| Koha item type | Khmer Books |
| Suppress in OPAC | No |
| Withdrawn status | Lost status | Source of classification or shelving scheme | Damaged status | Not for loan | Collection | Home library | Current library | Shelving location | Date acquired | Total Checkouts | Full call number | Barcode | Date last seen | Price effective from | Koha item type |
|---|---|---|---|---|---|---|---|---|---|---|---|---|---|---|---|
| Dewey Decimal Classification | Khmer-English Bilingual / ភាសាខ្មែរ-អង់គ្លេស | Footprints International School Library Network Toul Tom Poung Campus | Footprints International School Library Network Toul Tom Poung Campus | TTP Primary Khmer Bookshelves | 11/17/2025 | MON 823 | FISBK072166 | 11/17/2025 | 11/17/2025 | Khmer Books |
